Shameless episodes titles - Statistics

General Stats
  • This quiz has been taken 27 times
  • The average score is 13 of 134
Answer Stats
Hint Answer % Correct
1x1 Pilot
87%
10x12 Gallavich!
39%
1x3 Aunt Ginger
30%
11x12 | 1x12 Father Frank, Full of Grace
26%
2x9 Hurricane Monica
22%
2x1 Summertime
22%
3x6 Cascading Failures
17%
1x4 Casey Casden
17%
1x11 Daddyz Girl
17%
9x14 Found
17%
1x2 Frank The Plank
17%
1x6 Killer Carl
17%
9x13 Lost
17%
9x2 Mo White!
17%
8x7 Occupy Fiona
17%
2x2 Summer Loving
17%
9x5 Black-Haired Ginger
13%
11x8 Cancelled
13%
2x6 Can I Have a Mother
13%
5x9 Carl's First Sentencing
13%
11x10 DNR
13%
2x5 Father's Day
13%
2x12 Fiona Interrupted
13%
2x3 I'll Light a Candle for You Every Day
13%
11x4 NIMBY
13%
7x12 Requiem For A Slut
13%
10x5 Sparky
13%
7x2 Swipe, Fuck, Leave
13%
7x6 The Defenestration of Frank
13%
6x3 The F Word
13%
11x1 This Is Chicago!
13%
1x5 Three Boys
13%
10x3 Which America?
13%
2x4 A Beautiful Mess
9%
2x7 A Bottle of Jean Nate
9%
10x6 Adios Gringos
9%
2x10 A Great Cause
9%
10x4 A Little Gallagher Goes a Long Way
9%
9x1 Are You There Shim? It's Me, Ian
9%
6x8 Be a Good Boy. Come For Grandma.
9%
1x9 But at Last Came a Knock
9%
10x7 Citizen Carl
9%
5x6 Crazy Love
9%
10x8 Debbie Might Be a Prostitute
9%
11x6 Do Not Go Gentle Into That Good....Eh, Screw It
9%
9x4 Do Right, Vote White!
9%
9x7 Down Like The Titanic
9%
3x1 El Gran Cañon
9%
9x6 Face It, You're Gorgeous"
9%
11x3 Frances Francis Franny Frank
9%
1x7 Frank Gallagher: Loving Husband, Devoted Father
9%
8x4 Fuck Paying It Forward
9%
8x3 God Bless Her Rotting Soul
9%
11x2 Go Home, Gentrifier!
9%
7x3 Home Sweet Homeless Shelter
9%
8x6 Icarus Fell and Rusty Ate Him
9%
4x6 Iron City
9%
1x8 It's Time to Kill the Turtle
9%
2x11 Just Like the Pilgrims Intended
9%
4x12 Lazarus
9%
10x11 Location, Location, Location
9%
9x10 Los Diablos!
9%
5x12 Love Songs (In the Key of Gallagher)
9%
1x10 Nana Gallagher Had an Affair
9%
10x10 Now Leaving Illinois
9%
10x9 O Captain, My Captain
9%
2x8 Parenthood
9%
6x5 Refugees
9%
11x5 Slaughter
9%
8x12 Sleepwalking
9%
10x2 Sleep Well My Prince for Tomorrow You Shall Be King
9%
11x9 Survivors
9%
5x7 Tell Me You Fucking Need Me
9%
9x8 The Apple Doesn't Fall Far from the Alibi
9%
11x11 The Fickle Lady is Calling it Quits
9%
8x9 The Fugees
9%
9x11 The Hobo Games
9%
4x9 The Legend of Bonnie and Carl
9%
3x5 The Sins of My Caretaker
9%
5x3 The Two Lisas
9%
11x7 Two at a Biker Bar, One in the Lake
9%
5x8 Uncle Carl
9%
8x1 We Become What We... Frank!
9%
10x1 We Few, We Lucky Few, We Band of Gallaghers!
9%
9x3 Weirdo Gallagher Vortex
9%
8x2 Where's My Meth?
9%
9x12 You'll Know the Bottom When You Hit It
9%
6x2 #AbortionRules
4%
8x11 A Gallagher Pedicure
4%
4x7 A Jailbird, Invalid, Martyr, Cutter, Retard and Parasitic Twin
4%
3x7 A Long Way From Home
4%
5x4 A Night to Remem... Wait, What?
4%
6x9 A Yurt of One's Own
4%
9x9 BOOOOOOOOOOOONE!
4%
8x10 Church Of Gay Jesus
4%
3x10 Civil Wrongs
4%
5x11 Drugs Actually
4%
4x11 Emily
4%
6x12 Familia Supra Gallegorious Omnia!
4%
3x9 Frank the Plumber
4%
6x4 Going Once, Going Twice
4%
7x1 Hiraeth
4%
4x8 Hope Springs Paternal
4%
7x4 I Am a Storm
4%
5x2 I'm the Liver
4%
6x1 I Only Miss Her When I'm Breathing
4%
4x3 Like Father, Like Daughter
4%
4x10 Liver, I Hardly Know Her
4%
3x3 May I Trim Your Hedges?
4%
5x1 Milk of the Gods
4%
4x2 My Oldest Daughter
4%
6x6 NSFW
4%
3x11 Order Room Service
4%
7x10 | 7x9 Ouroboros
4%
7x5 Own Your Shit
4%
6x10 Paradise Lost
4%
6x7 Pimp's Paradise
4%
7x11 Ride or Die
4%
5x5 Rite of Passage
4%
4x1 Simple Pleasures
4%
6x11 Sleep No More
4%
5x10 South Side Rules
4%
4x4 Strangers on a Train
4%
3x12 Survival of the Fittest
4%
3x2 The American Dream
4%
3x4 The Helpful Gallaghers
4%
8x5 The (Mis)Education of Liam Fergus Beircheart Gallagher
4%
4x5 There's the Rub
4%
7x7 You'll Never Ever Get a Chicken in Your Whole Entire Life
4%
7x8 You Sold Me the Laundromat, Remember?
4%
8x8 Frank's Northern Southern Express
0%
3x8 Where There's a Will
0%
No matching quizzes found
Score Distribution
Percent of People with Each Score
Percentile by Number Answered
Your Score History
You have not taken this quiz